[Event "NOR-chT Clubs"]
[Site "Drammen"]
[Date "2022.05.26"]
[Round "3"]
[White "Bruvold, Cathrine"]
[Black "Johannessen, Theo N"]
[Result "0-1"]
[WhiteElo "1252"]
[BlackElo "1664"]
[PlyCount "84"]
[EventDate "2022.05.26"]
[EventType "team-swiss"]
[EventRounds "6"]
[EventCountry "NOR"]
[SourceTitle "EXT 2024"]
[Source "ChessBase"]
[SourceDate "2023.10.10"]
[SourceVersion "1"]
[SourceVersionDate "2023.10.10"]
[SourceQuality "1"]
[WhiteTeam "Offerspill Washed up"]
[BlackTeam "Bergens II"]
[WhiteTeamCountry "NOR"]
[BlackTeamCountry "NOR"]

1. d4 Nf6 2. c4 g6 3. Nf3 Bg7 4. g3 0-0 5. Bg2 d5 6. cxd5 Nxd5 7. 0-0 e6 8. e4 Nb6 9. Bg5 f6 10. Be3 Nc4 11. Bc1 b5 12. Qb3 Nb6 13. Rd1 c6 14. Nc3 Qe7 15. d5 a6 16. Be3 Nc4 17. Bd4 e5 18. d6 Qf7 19. Bc5 Be6 20. Qc2 Nd7 21. b4 a5 22. a3 Ra6 23. Nd2 Rfa8 24. Qd3 axb4 25. Bxb4 Nb2 26. Qe3 Nxd1 27. Nxd1 Nb6 28. h4 Bf8 29. Nc3 Qd7 30. Qc5 Na4 31. Nxa4 Rxa4 32. Nb1 Rd8 33. Nc3 Rxb4 34. axb4 Bxd6 35. Qe3 Bxb4 36. Ra7 Qd2 37. Qb6 Bxc3 38. Qxc6 Bd7 39. Qxf6 Rf8 40. Rxd7 Qxd7 41. Qb6 Bd4 42. Qa5 Rxf2 0-1